| 000 | 00606cam a2200205 4500500 | ||
|---|---|---|---|
| 005 | 20260329003946.0 | ||
| 041 | _afre | ||
| 042 | _adc | ||
| 100 | 1 | 0 |
_ade Saint Maurice, Thibaut _eauthor |
| 245 | 0 | 0 | _aContre les racines |
| 260 | _c2017. | ||
| 500 | _a36 | ||
| 690 | _aCatherine Portevin | ||
| 690 | _aEmmanuel Macron | ||
| 690 | _aGrèce | ||
| 690 | _aMaurizio Bettini | ||
| 690 | _aRacines | ||
| 786 | 0 | _nPhilosophie magazine | 113 | 10 | 2017-10-01 | p. 46-46 | 1951-1787 | |
| 856 | 4 | 1 | _uhttps://shs.cairn.info/magazine-philosophie-magazine-2017-10-page-46?lang=fr&redirect-ssocas=7080 |
| 999 |
_c1829290 _d1829290 |
||